La pedagogía de contrato: el contrato didáctico en la educación

Αποθηκεύτηκε σε:
Λεπτομέρειες βιβλιογραφικής εγγραφής
Κύριος συγγραφέας: Przesmycki, Halina (Συγγραφέας)
Μορφή: Βιβλίο
Γλώσσα:Ισπανικά
Έκδοση: Barcelona Graó 2000
Σειρά:Biblioteca de Aula, 146
Θέματα:
Ετικέτες: Προσθήκη ετικέτας
Δεν υπάρχουν, Καταχωρήστε ετικέτα πρώτοι!

MARC

LEADER 00000nam a2200000 a 4500
001 UCO9311
003 CL-VaPUC
008 010125e20000000SP |||||||||||||||||spa|d
082 0 4 |a 370.1  |b PRZ  |2 21 
100 0 |a Przesmycki, Halina  |e author  |9 454446 
245 1 3 |a La pedagogía de contrato: el contrato didáctico en la educación 
300 |a 200 p 
942 |c BK 
945 |d 20010125 00:00:00  |a cmena 
260 |a Barcelona  |b Graó  |c 2000 
650 0 |a Filosofía de la educación   |9 258384 
650 0 |a Contratos didácticos  |9 454447 
650 7 |a NEGOCIACION DE CONTRATOS  |2 CL-VaPUC  |9 454448 
650 7 |a TIPOS DE CONTRATOS  |2 CL-VaPUC  |9 454449 
650 7 |a RELACION DOCENTE ALUMNO  |2 CL-VaPUC  |9 307734 
650 0 |a Métodos de enseñanza  |9 270413 
583 |a last modification  |c 20010125 00:00:00  |k Rodrigo Vera 
490 0 |a Biblioteca de Aula, 146 
999 |c 293569  |d 293567 
952 |0 0  |1 0  |4 0  |6 370_100000000000000_PRZ_2000  |7 0  |8 A  |9 345187  |a BIBEDU  |b BIBEDU  |d 2019-11-20  |i 3648958  |o 370.1 PRZ 2000  |p 3648958  |r 2019-11-20  |w 2019-11-20  |y BK  |k BME